000 00841nam a2200229 i 4500
001 125143
003 ES-MaACL
005 20230906192549.0
007 t|
008 070504s1934 sp ||||1| spa d
100 1 _aPaso, Antonio.
_989421
245 1 3 _aEl juzgado se divierte
_b: juguete cómico, en tres actos /
_cAntonio Paso ; dibujos de Antonio Merlo.
260 _aMadrid :
_bRibadeneyra,
_c1934.
300 _a79 p. :
_bil. ;
_c17 cm.
490 1 _aLa Farsa ;
_v333
500 _aEstrenado en el Teatro de la Comedia de Madrid la noche del 24 de noviembre de 1933.
500 _aCubierta de este número: Pilar Torres y Antonio Diéguez en una escena de El juzgado se divierte.
700 1 _aMerlo, Antonio.
_980579
830 0 _aLa Farsa ;
_v333
_9185863
852 _aES-MaACL
_j2220-F-6
_bR.140689
999 _c125143
_d125143